00416nam a2200133Ia 4500008004100000041000800041082001500049100001700064245001300081260004100094300002400135999001700159952010600176240624s9999 xx 000 0 und d aeng a891.43 JOS aJOSHI SHARAD aPRATIDIN c2010aNew DelhibKitabghar Prakashan a428 : p. : cm. ; 22 c17183d17183 00104070aIMTNbIMTNcRack 43-Ad2011-06-13o891.43 JOSp17183r2024-06-24 00:00:00w2024-06-24yBK